000 01145nam a2200313 i 4500
001 000026162
003 DO-SdBNP
005 20241128075319.0
007 ta
008 110303s2011 dr 000 0 spa d
020 _a9789945469561
040 _aDO-SdBNP
_bspa
_cBNPHU
_erda
082 _a724
_bG191p, 2011
_222
100 1 _aGamble, Robert S.
_953149
245 1 0 _aPuerto Plata, la conservación de una ciudad :
_binventario; ensayo historico-arquitectonico /
_cRobert S. Gamble. José Augusto Puig Ortiz
264 _aSanto Domingo :
_bNacional,
_c2011.
300 _a671 paginas :
_bilustraciones ;
_c28 cm.
336 _2rdacontent
_atexto
_btxt
337 _2rdamedia
_asin mediación
_bn
338 _2rdacarrier
_avolumen
_bnc
590 _aInventariado, 2023/DG
650 4 _aArquitectura
_zRepública Dominicana, Puerto Plata
_953150
650 4 _aMonumentos historicos
_zRepública Dominicana, Puerto Plata
_953151
651 4 _aPuerto Plata, República Dominicana
_xHistoria Local
_91943
700 1 2 _aCamble, Robert S.
_eautor
_953152
700 1 2 _aPuig Ortíz, José Augusto
_eautor
_953153
910 _aDG
942 _2ddc
_cLBS1
999 _c55535
_d55535